Reading and understanding : an introduction to the psychology of reading /

Reading as skilled information processing. Cognotive processes in word recognition. Reading development and reading difficulties. Neuropsychological studies of reading. The role of eye movements in reading. Reading comprehension.

Guardado en:
Detalles Bibliográficos
Autor principal: Underwood, Geoffrey
Otros Autores: Batt, Vivienne.
Formato: Libro
Lenguaje:English
Publicado: Cambridge, Mass., USA : Blackwell, 1996.
Materias:
Etiquetas: Agregar Etiqueta
Sin Etiquetas, Sea el primero en etiquetar este registro!
Thư viện lưu trữ: Mạng thư viện Đại học Đà Nẵng
LEADER 01160cam a2200337 i 4500
001 000047765
003 7458
005 20030331152639.0
008 010326|1996 vm 000 eng
020 |a 0631179518 
040 |a IRC  |c IRC  |d IRC 
041 0 |a eng 
082 1 4 |a 418.4019  |b UN-G 
100 1 |a Underwood, Geoffrey  |q (Geoffrey D. M.) 
245 0 0 |a Reading and understanding :  |b an introduction to the psychology of reading /  |c Geoffrey Underwood and Vivienne Batt. 
260 |a Cambridge, Mass., USA :  |b Blackwell,  |c 1996. 
300 |a xii, 244 p. :  |b ill. ;  |c 23cm. 
520 3 |a Reading as skilled information processing. Cognotive processes in word recognition. Reading development and reading difficulties. Neuropsychological studies of reading. The role of eye movements in reading. Reading comprehension. 
630 0 4 |a Psychology. 
650 0 4 |a Reading, Psychology of. 
700 1 |a Batt, Vivienne. 
OWN |a DUT 
999 |a From the UDN01 
TYP |a Monograph 
TYP |a Printed language 
980 |a Mạng thư viện Đại học Đà Nẵng